| 000 | 00798cam a22002413a 4500 | ||
|---|---|---|---|
| 001 | 24810 | ||
| 003 | PGUSA | ||
| 005 | 20140828083532.0 | ||
| 008 | 080312s2008||||xxu|||||s|||||000 | eng d | ||
| 040 |
_aPGUSA _beng |
||
| 042 | _adc | ||
| 050 | 4 | _aD501 | |
| 100 | 1 |
_aPicton, Harold W. _q(Harold Williams), _d1867- |
|
| 245 | 1 | 4 |
_aThe Better Germany in War Time : _bBeing Some Facts Towards Fellowship _h[electronic resource] / _cHarold W. Picton |
| 260 |
_bProject Gutenberg, _c2008 |
||
| 506 | _aPublic domain in the USA. | ||
| 516 | _aElectronic text | ||
| 653 | _aWorld War, 1914-1918 -- Hospitals, charities, etc. | ||
| 653 | _aWorld War, 1914-1918 -- Prisoners and prisons, German | ||
| 830 | 0 |
_aProject Gutenberg _v24810 |
|
| 856 | 4 | 0 | _uhttp://www.gutenberg.org/ebooks/24810 |
| 942 | _cEB | ||
| 999 |
_c254065 _d254065 |
||